| 000 | 00765nam a22002297a 4500 | ||
|---|---|---|---|
| 999 |
_c7453 _d7453 |
||
| 001 | 7453 | ||
| 003 | BD-JhCC | ||
| 005 | 20180304105753.0 | ||
| 008 | 180210b2008 bg ||||| |||| 00| 0 ben d | ||
| 035 | _a(BD-JhCC)7453 | ||
| 040 |
_aBD-JhCC _dBD-JhCC |
||
| 041 | _aben | ||
| 082 |
_a305.42095492 _bMES 2008 |
||
| 100 | _aকামাল, মেসবাহ | ||
| 245 |
_aনাচোলর কৃষক বিদ্রোহ : _bসমকালীন রাজনীতি ও ইলা মিত্র / _cমেসবাহ কামাল ও ঈশান চক্রবর্তী |
||
| 300 |
_a240 p. : _c22 cm. |
||
| 650 | _aWomen | ||
| 650 | _aBangladesh | ||
| 700 | _aচক্রবর্তী, ঈশান | ||
| 942 |
_2ddc _cBK |
||